[Event "France 2019 - Accession"]
[Site "Chartres"]
[Date "2019.08.17"]
[Round "1.28"]
[White "Duquesne, Adrien"]
[Black "Delorme, Alban"]
[Result "0-1"]
[WhiteElo "2170"]
[BlackElo "2308"]
[PlyCount "80"]
[EventDate "2019.08.??"]
[EventType "swiss"]
[EventRounds "9"]
[EventCountry "FRA"]
[WhiteTeam "Evry Grand Roque"]
[BlackTeam "Echecs 16"]

1. d4 Nf6 2. c4 e6 3. Nc3 d5 4. cxd5 exd5 5. Bg5 Nbd7 6. e3 Be7 7. Bd3 O-O 8.
Nge2 h6 9. Bh4 b6 10. O-O Bb7 11. Rc1 c5 12. Qa4 a6 13. Bb1 c4 14. Qc2 Re8 15.
f3 Nf8 16. Bf2 b5 17. a3 Qd7 18. g4 a5 19. Ng3 b4 20. axb4 axb4 21. Nce2 g6 22.
Kg2 N8h7 23. h4 Nxg4 24. fxg4 Bxh4 25. Nf4 Qxg4 26. Qe2 Qg5 27. Rh1 Bxg3 28.
Bxg3 Nf6 29. Rh4 Bc8 30. Rf1 Ra1 31. Qf2 Kg7 32. Nh3 Bxh3+ 33. Kxh3 Rxe3 34.
Qf4 Rxb1 35. Rxb1 Rxg3+ 36. Kh2 Rg2+ 37. Kh1 Rd2 38. Rg1 Qxf4 39. Rxf4 Ne4 40.
Ra1 Ng3+ 0-1

[Event "France 2019 - Accession"]
[Site "Chartres"]
[Date "2019.08.17"]
[Round "1.29"]
[White "Daeschler, Florian"]
[Black "Dalaud, Dorian"]
[Result "0-1"]
[WhiteElo "2303"]
[BlackElo "2165"]
[PlyCount "96"]
[EventDate "2019.08.??"]
[EventType "swiss"]
[EventRounds "9"]
[EventCountry "FRA"]
[WhiteTeam "Club d'Echecs de Mundolsheim"]
[BlackTeam "Cercle d'Echecs de Nantes"]

1. d4 Nf6 2. c4 g6 3. g3 Bg7 4. Bg2 O-O 5. Nc3 d6 6. Nf3 c6 7. O-O Qa5 8. e4
Qh5 9. Ng5 Qxd1 10. Rxd1 e5 11. d5 cxd5 12. cxd5 Bd7 13. Bf1 Na6 14. Bxa6 bxa6
15. Kg2 Rab8 16. Rb1 Rfc8 17. Be3 Rb7 18. h3 Rc4 19. Rdc1 h6 20. Nf3 Nxe4 21.
Nxe4 Rxe4 22. Nd2 Bf5 23. g4 Rxe3 24. gxf5 Rd3 25. Rc8+ Kh7 26. Ne4 Rxd5 27. f6
Bh8 28. Rbc1 Rd4 29. Kf3 h5 30. Rf8 d5 31. Nd6 Rd7 32. Rxf7+ Rxf7 33. Nxf7 Bxf6
34. Rc7 Kg8 35. Rxa7 Rd2 36. Nd6 e4+ 37. Ke3 Bd4+ 38. Kxd2 Bxa7 39. Ke2 Bc5 40.
Ne8 Bb6 41. b4 Kf7 42. Nd6+ Ke6 43. Ne8 d4 44. a4 d3+ 45. Kd2 Bxf2 46. Nc7+ Ke5
47. b5 Kd4 48. Ne6+ Kc4 0-1

[Event "France 2019 - Accession"]
[Site "Chartres"]
[Date "2019.08.17"]
[Round "1.30"]
[White "Pottier, Simeon"]
[Black "Le Goff, Ronan"]
[Result "0-1"]
[WhiteElo "2162"]
[BlackElo "2303"]
[PlyCount "62"]
[EventDate "2019.08.??"]
[EventType "swiss"]
[EventRounds "9"]
[EventCountry "FRA"]
[WhiteTeam "LEC Echiquier Limousin"]
[BlackTeam "Echiquier de l'Erdre"]

1. d4 Nf6 2. c4 e6 3. Nc3 d5 4. cxd5 exd5 5. Bg5 Be7 6. e3 c6 7. Bd3 Nbd7 8.
Qc2 h6 9. Bh4 Nh5 10. Bxe7 Qxe7 11. O-O-O Nb6 12. h3 Bd7 13. Nf3 O-O-O 14. g4
Nf6 15. Kb1 Kb8 16. Ne5 Bc8 17. Rc1 Nfd7 18. Nxd7+ Bxd7 19. Na4 Nxa4 20. Qxa4
h5 21. Rc3 hxg4 22. Ra3 a6 23. Rb3 Bc8 24. Qxa6 gxh3 25. Qxc6 Qf6 26. Qc2 Bg4
27. Ra3 Qc6 28. Qd2 Bf3 29. Rc1 Qxc1+ 30. Qxc1 h2 31. Qc5 h1=Q+ 0-1

[Event "France 2019 - Accession"]
[Site "Chartres"]
[Date "2019.08.17"]
[Round "1.31"]
[White "Cotonnec, Melkior"]
[Black "Girel, Joseph"]
[Result "1-0"]
[WhiteElo "2299"]
[BlackElo "2157"]
[PlyCount "57"]
[EventDate "2019.08.??"]
[EventType "swiss"]
[EventRounds "9"]
[EventCountry "FRA"]
[WhiteTeam "C.E. de Rueil Malmaison"]
[BlackTeam "Marseille-Echecs"]

1. b4 e5 2. Bb2 Bxb4 3. Bxe5 Nf6 4. c4 Nc6 5. Bb2 O-O 6. Nf3 Re8 7. e3 d5 8.
cxd5 Nxd5 9. Be2 Bg4 10. O-O Qd6 11. a3 Ba5 12. d4 Rad8 13. Nbd2 Qh6 14. Nc4
Bc3 15. Qc2 Bxb2 16. Qxb2 Nb6 17. Rfc1 Qe6 18. Nce5 Nxe5 19. Nxe5 Bxe2 20. Qxe2
f6 21. Nf3 Nd5 22. Rab1 b6 23. Qa6 Kh8 24. a4 Qd6 25. a5 Rb8 26. Nd2 Nb4 27.
Qc4 c5 28. Nf3 Rbc8 29. Rxb4 1-0

[Event "France 2019 - Accession"]
[Site "Chartres"]
[Date "2019.08.17"]
[Round "1.32"]
[White "Giacomini, Hector"]
[Black "Meunier, Clement"]
[Result "1/2-1/2"]
[WhiteElo "2156"]
[BlackElo "2291"]
[PlyCount "147"]
[EventDate "2019.08.??"]
[EventType "swiss"]
[EventRounds "9"]
[EventCountry "FRA"]
[WhiteTeam "Echiquier Tourangeau"]
[BlackTeam "L'Echiquier du Roy René"]

1. Nf3 Nf6 2. e3 g6 3. d4 Bg7 4. c4 O-O 5. Be2 d6 6. Nc3 Nbd7 7. O-O e5 8. Qc2
Re8 9. Rd1 Qe7 10. b4 a5 11. b5 b6 12. Ba3 Bb7 13. Rac1 Rac8 14. dxe5 Nxe5 15.
Nd5 Bxd5 16. cxd5 Neg4 17. Rd3 Ne4 18. Rf1 Bh6 19. Bc1 Nc5 20. Rdd1 Qe4 21. Bd3
Nxd3 22. Qxd3 Bg7 23. h3 Nf6 24. Bb2 Nd7 25. Bxg7 Qxd3 26. Rxd3 Nc5 27. Rd2
Kxg7 28. Rc1 Re4 29. Nd4 Rce8 30. Kf1 f5 31. Ne6+ Nxe6 32. dxe6 Re7 33. Rdc2
Rb4 34. Rxc7 Kf6 35. a4 Rxa4 36. Rxe7 Kxe7 37. Rc6 Kxe6 38. Rxb6 Ra1+ 39. Ke2
Kd5 40. Rb7 a4 41. Rxh7 a3 42. Rc7 Ra2+ 43. Kf3 Rb2 44. Ra7 a2 45. b6 Kc6 46.
b7 Kc7 47. g4 Kb8 48. Ra3 fxg4+ 49. hxg4 Kxb7 50. Kg3 Kb6 51. f4 Kb5 52. Kh4
Kb4 53. Ra8 Kb3 54. Kg5 Rg2 55. Rb8+ Kc2 56. Ra8 Kb1 57. Rb8+ Rb2 58. Ra8 a1=Q
59. Rxa1+ Kxa1 60. Kxg6 Re2 61. f5 Rxe3 62. g5 d5 63. Kf7 d4 64. g6 d3 65. g7
Rg3 66. g8=Q Rxg8 67. Kxg8 d2 68. f6 d1=Q 69. f7 Qg4+ 70. Kh7 Qh5+ 71. Kg7 Qe5+
72. Kg8 Qe6 73. Kg7 Qxf7+ 74. Kxf7 1/2-1/2

[Event "France 2019 - Accession"]
[Site "Chartres"]
[Date "2019.08.17"]
[Round "1.33"]
[White "Mouhamad, Joachim"]
[Black "Nguyen, Vincent"]
[Result "1/2-1/2"]
[WhiteElo "2288"]
[BlackElo "2288"]
[PlyCount "63"]
[EventDate "2019.08.??"]
[EventType "swiss"]
[EventRounds "9"]
[EventCountry "FRA"]
[WhiteTeam "Clichy-Echecs-92"]
[BlackTeam "La tour de Juvisy"]

1. e4 e6 2. d4 d5 3. Nc3 Bb4 4. e5 Ne7 5. a3 Bxc3+ 6. bxc3 b6 7. Qg4 Kf8 8. Nf3
Ba6 9. Bxa6 Nxa6 10. O-O Rc8 11. Qf4 Qd7 12. a4 c5 13. Ba3 Kg8 14. Ng5 Nc6 15.
Rad1 h6 16. Nh3 cxd4 17. cxd4 Na5 18. Rd3 Rxc2 19. Rg3 Rh7 20. Qh4 Nc4 21. Bc1
Nc7 22. Bxh6 Nd2 23. Rxg7+ Rxg7 24. Bxg7 Kxg7 25. Ng5 Ne4 26. Qh7+ Kf8 27. f3
Nxg5 28. Qxc2 Kg8 29. Rc1 Ne8 30. Qc6 Qe7 31. Qa8 Nxf3+ 32. gxf3 1/2-1/2

[Event "France 2019 - Accession"]
[Site "Chartres"]
[Date "2019.08.17"]
[Round "1.34"]
[White "Pham, Arthur"]
[Black "Le Corre, Benjamin"]
[Result "0-1"]
[WhiteElo "2116"]
[BlackElo "2281"]
[PlyCount "130"]
[EventDate "2019.08.??"]
[EventType "swiss"]
[EventRounds "9"]
[EventCountry "FRA"]
[WhiteTeam "Echecs 16"]
[BlackTeam "Ecole Française d'Echecs de Metz"]

1. e4 c5 2. Nf3 e6 3. c3 Nc6 4. d4 d5 5. e5 f6 6. Bd3 Nh6 7. O-O Nf7 8. exf6
Qxf6 9. Re1 Bd6 10. Be3 c4 11. Bc2 O-O 12. b3 cxb3 13. axb3 g6 14. Qd3 e5 15.
dxe5 Ncxe5 16. Nxe5 Qxe5 17. f4 Qh5 18. Bd1 Qf5 19. Qd2 Bd7 20. Bf3 Rfe8 21. g3
Bc6 22. Bg2 d4 23. cxd4 Bxg2 24. Qxg2 Qd3 25. Qe2 Qxb3 26. Nd2 Qd5 27. Qf3 Qxf3
28. Nxf3 Bb4 29. Re2 a5 30. Ne5 Nxe5 31. fxe5 b5 32. Bd2 Bxd2 33. Rxd2 Re7 34.
Rb2 Rb7 35. d5 b4 36. e6 Rb6 37. Rf2 Rd6 38. Raf1 Rxd5 39. e7 Rf5 40. Rd1 Re8
41. Rxf5 gxf5 42. Ra1 Rxe7 43. Rxa5 Rb7 44. Rxf5 b3 45. Rf1 Kg7 46. Rb1 Kf6 47.
Kf2 Ke5 48. Ke3 Kf5 49. Rb2 Kg4 50. Ke4 h5 51. Ke5 Rb4 52. Kf6 Kf3 53. Kf5 Rb5+
54. Kg6 Ke4 55. Kh6 Ke3 56. Kg6 Kf3 57. Kf6 Ke4 58. Kg6 Kd3 59. h3 Ke3 60. Kf6
Kf3 61. g4 hxg4 62. hxg4 Kxg4 63. Ke6 Kf3 64. Kd6 Ke3 65. Kc6 Rb8 0-1

[Event "France 2019 - Accession"]
[Site "Chartres"]
[Date "2019.08.18"]
[Round "2.7"]
[White "Delorme, Alban"]
[Black "Joie, Sebastien"]
[Result "1/2-1/2"]
[WhiteElo "2308"]
[BlackElo "2413"]
[PlyCount "71"]
[EventDate "2019.08.??"]
[EventType "swiss"]
[EventRounds "9"]
[EventCountry "FRA"]
[WhiteTeam "Echecs 16"]
[BlackTeam "Esbarres Bonnencontre Echecs"]

1. d4 d5 2. Nf3 Nf6 3. e3 Bf5 4. Be2 c6 5. O-O h6 6. b3 e6 7. Bb2 Be7 8. c4 O-O
9. Nbd2 a5 10. a3 Nbd7 11. Rc1 Ne4 12. Nxe4 Bxe4 13. Bd3 Bd6 14. c5 Bxd3 15.
Qxd3 Bc7 16. Ne5 Qe7 17. b4 Bxe5 18. dxe5 axb4 19. axb4 Ra4 20. Qb3 Rfa8 21.
Bd4 Ra3 22. Qb2 Ra2 23. Ra1 Rxa1 24. Rxa1 Qd8 25. h3 Qb8 26. f4 Ra6 27. Rf1 Qa8
28. Rf2 b5 29. cxb6 Nxb6 30. f5 Nc4 31. Qb1 Qe8 32. e4 Qd7 33. exd5 Qxd5 34.
fxe6 Qxe6 35. b5 cxb5 36. Qxb5 1/2-1/2

[Event "France 2019 - Accession"]
[Site "Chartres"]
[Date "2019.08.18"]
[Round "2.8"]
[White "Le Goff, Ronan"]
[Black "Stephan, Victor"]
[Result "0-1"]
[WhiteElo "2303"]
[BlackElo "2413"]
[PlyCount "66"]
[EventDate "2019.08.??"]
[EventType "swiss"]
[EventRounds "9"]
[EventCountry "FRA"]
[WhiteTeam "Echiquier de l'Erdre"]
[BlackTeam "C'Chartres Echecs"]

1. d4 Nf6 2. Nf3 e6 3. c3 d5 4. Bf4 Bd6 5. Bg3 c5 6. e3 O-O 7. Nbd2 Qc7 8. dxc5
Qxc5 9. Bd3 Nbd7 10. e4 Bxg3 11. hxg3 dxe4 12. Bxe4 h6 13. Qe2 Rb8 14. Bc2 b5
15. Nb3 Qb6 16. O-O-O a5 17. Rd4 a4 18. Nbd2 a3 19. b3 Qc5 20. Qd3 Qe7 21. Ne4
Nxe4 22. Qxe4 f5 23. Qe3 Nb6 24. g4 Qc5 25. Qe5 Qxe5 26. Nxe5 Nd5 27. Rh3 fxg4
28. Rxg4 Rxf2 29. Rgg3 Nf4 30. Rd3 Nxd3+ 31. Rxd3 Bb7 32. Rd7 Re2 33. Ng6 Rxc2+
0-1

[Event "France 2019 - Accession"]
[Site "Chartres"]
[Date "2019.08.18"]
[Round "2.9"]
[White "Housieaux, David"]
[Black "Dutreuil, Raphael"]
[Result "1-0"]
[WhiteElo "2402"]
[BlackElo "2313"]
[PlyCount "59"]
[EventDate "2019.08.??"]
[EventType "swiss"]
[EventRounds "9"]
[EventCountry "FRA"]
[WhiteTeam "A.J.E. Noyon"]
[BlackTeam "U.S.Villejuif Echecs"]

1. c4 g6 2. g3 c5 3. Bg2 Bg7 4. Nc3 Nc6 5. a3 d6 6. Rb1 a5 7. d3 e5 8. e3 Nge7
9. Nge2 O-O 10. O-O Rb8 11. Bd2 Be6 12. Qa4 Qd7 13. Nd5 b5 14. cxb5 Bxd5 15.
Bxd5 Na7 16. Bg2 Qxb5 17. Qxb5 Rxb5 18. a4 Rb3 19. Bxa5 Rfb8 20. Nc3 Rxb2 21.
Bc7 Rxb1 22. Rxb1 Rxb1+ 23. Nxb1 Nec8 24. Nc3 Kf8 25. Nb5 Ke7 26. Nxa7 Nxa7 27.
Bb8 Nc8 28. a5 Kd7 29. a6 Nb6 30. a7 1-0

[Event "France 2019 - Accession"]
[Site "Chartres"]
[Date "2019.08.18"]
[Round "2.10"]
[White "Le Corre, Benjamin"]
[Black "Lux, Hugo De Melo"]
[Result "1-0"]
[WhiteElo "2281"]
[BlackElo "2401"]
[PlyCount "83"]
[EventDate "2019.08.??"]
[EventType "swiss"]
[EventRounds "9"]
[EventCountry "FRA"]
[WhiteTeam "Ecole Française d'Echecs de Metz"]
[BlackTeam "Echecs 16"]

1. d4 Nf6 2. c4 e6 3. Nc3 Bb4 4. Qc2 b6 5. e4 c5 6. d5 Qe7 7. Nge2 exd5 8. exd5
d6 9. Bd2 O-O 10. f3 a6 11. O-O-O b5 12. Ng3 Qc7 13. a3 Ba5 14. cxb5 Nbd7 15.
Nge4 Nxe4 16. Nxe4 Bxd2+ 17. Rxd2 Qb6 18. Nc3 Bb7 19. Qf5 Ne5 20. f4 Ng6 21.
bxa6 Bxa6 22. Bxa6 Qxa6 23. Re1 Rfb8 24. g3 Qc4 25. Qd3 Qb3 26. Ne4 Qb6 27. Rc2
Ra4 28. Qc3 Nf8 29. Nd2 Qb7 30. Nc4 Qxd5 31. Rd1 Qa8 32. Nxd6 Ne6 33. Nf5 Qe4
34. Qd3 Qa8 35. Qd5 Qa5 36. Ne7+ Kh8 37. Nc6 Qa8 38. Nxb8 Qxb8 39. Rxc5 h6 40.
Rc4 Ra8 41. f5 Nc7 42. Qd6 1-0

[Event "France 2019 - Accession"]
[Site "Chartres"]
[Date "2019.08.18"]
[Round "2.11"]
[White "Travadon, Loic"]
[Black "Cotonnec, Melkior"]
[Result "0-1"]
[WhiteElo "2399"]
[BlackElo "2299"]
[PlyCount "125"]
[EventDate "2019.08.??"]
[EventType "swiss"]
[EventRounds "9"]
[EventCountry "FRA"]
[WhiteTeam "Cergy Pontoise Echecs"]
[BlackTeam "C.E. de Rueil Malmaison"]

1. e4 c5 2. Nf3 d6 3. d4 cxd4 4. Nxd4 Nf6 5. Nc3 a6 6. Nb3 e6 7. g4 Nc6 8. g5
Nd7 9. h4 b5 10. h5 Bb7 11. Rg1 g6 12. Rh1 Rg8 13. hxg6 hxg6 14. Be3 Nc5 15. a3
Nxb3 16. cxb3 Bg7 17. Rh7 Kf8 18. Qd2 Rh8 19. Rxh8+ Bxh8 20. Rd1 Ke7 21. f4 Bg7
22. b4 Qc7 23. f5 Be5 24. f6+ Kd7 25. Bh3 Rh8 26. Qg2 Bxc3+ 27. bxc3 Ne5 28.
Bc5 Nc4 29. Qh2 Ke8 30. Bg1 Qc6 31. Rd4 Nxa3 32. Qxd6 Qxd6 33. Rxd6 Nc4 34. Rd3
Bxe4 35. Rg3 Ne5 36. Kf2 Kd7 37. Re3 Nc4 38. Bxe6+ Kxe6 39. Rxe4+ Kf5 40. Re7
Nd6 41. Rd7 Ne4+ 42. Kg2 Nxg5 43. Rd5+ Kg4 44. Rd4+ Kf5 45. Rd5+ Kf4 46. Bh2+
Kg4 47. Rd4+ Kf5 48. Rd5+ Kxf6 49. Bf4 Rh5 50. Rd6+ Kf5 51. Be3 Ne4 52. Rc6 Kg4
53. Bd4 Rh3 54. Rxa6 Rg3+ 55. Kf1 Nxc3 56. Bc5 g5 57. Bf2 Rf3 58. Kg2 f5 59.
Ra3 Rd3 60. Kf1 Rh3 61. Kg2 f4 62. Ra1 f3+ 63. Kg1 0-1

[Event "France 2019 - Accession"]
[Site "Chartres"]
[Date "2019.08.18"]
[Round "2.12"]
[White "Ronce, Nathan"]
[Black "Di Nicolantonio, Lucas"]
[Result "1/2-1/2"]
[WhiteElo "2204"]
[BlackElo "2394"]
[PlyCount "113"]
[EventDate "2019.08.??"]
[EventType "swiss"]
[EventRounds "9"]
[EventCountry "FRA"]
[WhiteTeam "Echiquier Montelais"]
[BlackTeam "Club d'Echecs de l'Agglomeration Chamberienne"]

1. e4 c5 2. Nf3 d6 3. Bb5+ Nd7 4. c3 Ngf6 5. Qe2 a6 6. Ba4 b5 7. Bc2 Bb7 8. O-O
c4 9. b3 Qc7 10. bxc4 bxc4 11. Na3 Nb6 12. Rb1 e6 13. d4 cxd3 14. Bxd3 Nfd7 15.
Nd4 Be7 16. Nc4 Nxc4 17. Bxc4 O-O 18. Bb3 Nc5 19. Bc2 Rfe8 20. Bd2 Bf8 21. h4
g6 22. Nb3 Rab8 23. c4 d5 24. Nxc5 Bxc5 25. Ba4 Rec8 26. cxd5 exd5 27. exd5
Bxd5 28. Bb3 Bb7 29. Qg4 Re8 30. Rfe1 Rbd8 31. Bh6 Qc8 32. Qf4 Qd7 33. Rxe8+
Rxe8 34. Qxf7+ Qxf7 35. Bxf7+ Kxf7 36. Rxb7+ Re7 37. Rxe7+ Bxe7 38. Bg5 Bc5 39.
Kf1 Ke6 40. Ke2 Kd5 41. g4 h5 42. f3 hxg4 43. fxg4 Ke4 44. h5 gxh5 45. gxh5 Bf8
46. Kd2 Kf5 47. Be3 Kg4 48. Kc2 Kxh5 49. Kb3 Kg4 50. Ka4 Kf3 51. Bc1 Ke4 52.
Ka5 Kd5 53. Kxa6 Kc6 54. a4 Bb4 55. Be3 Be1 56. a5 Bxa5 57. Kxa5 1/2-1/2

[Event "France 2019 - Accession"]
[Site "Chartres"]
[Date "2019.08.18"]
[Round "2.13"]
[White "Ollier, Pablo"]
[Black "Suez-Panama, Gilles"]
[Result "1-0"]
[WhiteElo "2382"]
[BlackElo "1930"]
[PlyCount "65"]
[EventDate "2019.08.??"]
[EventType "swiss"]
[EventRounds "9"]
[EventCountry "FRA"]
[WhiteTeam "Echiquier Médocain"]
[BlackTeam "Arsenal"]

1. d4 Nf6 2. c4 g6 3. Nc3 Bg7 4. e4 d6 5. Nf3 O-O 6. Be2 Na6 7. O-O e5 8. Re1
c6 9. Bf1 Qe7 10. c5 Ng4 11. h3 exd4 12. cxd6 Qd7 13. hxg4 dxc3 14. e5 cxb2 15.
Bxb2 Qxg4 16. Rc1 Bd7 17. Rc4 Qe6 18. Rh4 Qxa2 19. Qc1 b5 20. Ng5 f6 21. Rxh7
fxg5 22. Rxg7+ Kxg7 23. e6+ Kh6 24. Qc3 Qxb2 25. Qxb2 Nc5 26. exd7 Nxd7 27. Re6
Rae8 28. Qb3 Nf6 29. Rxe8 Nxe8 30. d7 Nf6 31. Qe6 a6 32. d8=Q Rxd8 33. Qxf6 1-0

[Event "France 2019 - Accession"]
[Site "Chartres"]
[Date "2019.08.18"]
[Round "2.14"]
[White "Dalaud, Dorian"]
[Black "Pigeat, Alexandre"]
[Result "0-1"]
[WhiteElo "2165"]
[BlackElo "2377"]
[PlyCount "54"]
[EventDate "2019.08.??"]
[EventType "swiss"]
[EventRounds "9"]
[EventCountry "FRA"]
[WhiteTeam "Cercle d'Echecs de Nantes"]
[BlackTeam "Esbarres Bonnencontre Echecs"]

1. e4 e6 2. d4 d5 3. exd5 exd5 4. Nf3 Bd6 5. c4 c6 6. c5 Bc7 7. Bd3 Qe7+ 8. Be3
Nf6 9. O-O Ne4 10. Nfd2 O-O 11. Qe2 f5 12. f4 Re8 13. Bxe4 fxe4 14. Nc3 a5 15.
Qf2 Nd7 16. b3 b6 17. cxb6 Bxb6 18. Rac1 Ba7 19. Rfe1 Rf8 20. Na4 Qd6 21. g4
Nf6 22. h3 Bxg4 23. Qh4 Bd7 24. Kh1 Ne8 25. Rg1 Qf6 26. Qxf6 Rxf6 27. Rg3 Nd6
0-1

[Event "France 2019 - Accession"]
[Site "Chartres"]
[Date "2019.08.18"]
[Round "2.15"]
[White "Bailet, Pierre"]
[Black "Fruchard, Cyrille"]
[Result "1/2-1/2"]
[WhiteElo "2490"]
[BlackElo "2261"]
[PlyCount "81"]
[EventDate "2019.08.??"]
[EventType "swiss"]
[EventRounds "9"]
[EventCountry "FRA"]
[WhiteTeam "Vandoeuvre-Echecs"]
[BlackTeam "La Dame Noire"]

1. Nf3 Nf6 2. c4 g6 3. Nc3 Bg7 4. e4 d6 5. d4 O-O 6. Be2 e5 7. O-O Nc6 8. d5
Ne7 9. b4 Nh5 10. Re1 h6 11. Nd2 Nf4 12. Bf1 g5 13. c5 f5 14. Nc4 dxc5 15. bxc5
fxe4 16. d6 Nc6 17. Nxe4 Nd4 18. Bb2 Nfe6 19. Ng3 cxd6 20. cxd6 b5 21. Nxe5
Qxd6 22. Ng4 Nf3+ 23. gxf3 Qxd1 24. Nxh6+ Kh7 25. Raxd1 Bxb2 26. Nhf5 Nf4 27.
Re7+ Kh8 28. Nd6 Be6 29. Nge4 a6 30. Nxg5 Bxa2 31. Rd2 Bf6 32. Rd7 Bb3 33. h4
Bc3 34. Rd3 Nxd3 35. Bxd3 a5 36. Ngf7+ Bxf7 37. Nxf7+ Rxf7 38. Rxf7 b4 39. Be4
Rb8 40. Rh7+ Kg8 41. Rb7 1/2-1/2

[Event "France 2019 - Accession"]
[Site "Chartres"]
[Date "2019.08.18"]
[Round "2.16"]
[White "Bijaoui, Manuel"]
[Black "Gertosio, Franck"]
[Result "0-1"]
[WhiteElo "2433"]
[BlackElo "2267"]
[PlyCount "66"]
[EventDate "2019.08.??"]
[EventType "swiss"]
[EventRounds "9"]
[EventCountry "FRA"]
[WhiteTeam "A.J.E. Noyon"]
[BlackTeam "Ste Foy Echecs"]

1. e4 e6 2. d4 d5 3. Nc3 Bb4 4. e5 c5 5. a3 Bxc3+ 6. bxc3 Qc7 7. Nf3 Nc6 8. Be2
Nge7 9. O-O O-O 10. Bd3 Nf5 11. g4 Nfe7 12. Re1 c4 13. Bf1 f6 14. exf6 Rxf6 15.
Bg5 Rf7 16. Bh4 Qf4 17. Ne5 Nxe5 18. dxe5 Ng6 19. Bg3 Qg5 20. Bg2 Bd7 21. Bxd5
exd5 22. e6 Bxe6 23. Rxe6 Raf8 24. h4 Nxh4 25. Re5 Qf6 26. Rxd5 Nf3+ 27. Kh1
Ng5 28. Rf5 Qh6+ 29. Kg1 Rxf5 30. gxf5 Rxf5 31. Qd8+ Rf8 32. Qd5+ Kh8 33. Qxc4
Qh3 0-1

[Event "France 2019 - Accession"]
[Site "Chartres"]
[Date "2019.08.18"]
[Round "2.17"]
[White "Duboue, Peio"]
[Black "Fantin, Ludwig"]
[Result "1-0"]
[WhiteElo "2413"]
[BlackElo "2213"]
[PlyCount "81"]
[EventDate "2019.08.??"]
[EventType "swiss"]
[EventRounds "9"]
[EventCountry "FRA"]
[WhiteTeam "Echiquier de l'Erdre"]
[BlackTeam "Clermont-Ferrand Echecs"]

1. e4 c5 2. c3 Nf6 3. e5 Nd5 4. d4 cxd4 5. Nf3 Nc6 6. cxd4 d6 7. Bc4 Nb6 8. Bb5
Bd7 9. exd6 e6 10. Bg5 f6 11. Bd2 Bxd6 12. Nc3 Nb4 13. Be2 Bc6 14. O-O O-O 15.
Re1 Re8 16. Qb1 N4d5 17. Bd3 f5 18. Qd1 Bf4 19. Nxd5 Nxd5 20. Bc4 Bxd2 21. Qxd2
Qf6 22. Ne5 Nb6 23. Nxc6 Nxc4 24. Qb4 Nb6 25. Ne5 Qe7 26. Qa5 Red8 27. Nf3 Rd5
28. Qd2 h6 29. Qe2 Re8 30. Rac1 Rd6 31. h3 Nd5 32. Rc5 Qf6 33. a3 Red8 34. g3
Kh7 35. Kh2 Qf8 36. Qc2 Nf6 37. Rxe6 Ng4+ 38. hxg4 Rxe6 39. Rxf5 Rc8 40. Qd3
Qe8 41. Rf8+ 1-0

[Event "France 2019 - Accession"]
[Site "Chartres"]
[Date "2019.08.18"]
[Round "2.18"]
[White "Laurent-Paoli, Pierre"]
[Black "Giacomini, Hector"]
[Result "1-0"]
[WhiteElo "2371"]
[BlackElo "2156"]
[PlyCount "55"]
[EventDate "2019.08.??"]
[EventType "swiss"]
[EventRounds "9"]
[EventCountry "FRA"]
[WhiteTeam "Echecs Club Montpellier"]
[BlackTeam "Echiquier Tourangeau"]

1. Nf3 d5 2. g3 Nf6 3. Bg2 e6 4. O-O c5 5. c4 d4 6. b4 cxb4 7. a3 Nc6 8. Bb2 a5
9. e3 dxe3 10. fxe3 Be7 11. d4 O-O 12. axb4 Bxb4 13. Nbd2 Rb8 14. Qc2 Ng4 15.
Rae1 f5 16. Re2 Nf6 17. Kh1 Be7 18. e4 fxe4 19. Nxe4 Nxe4 20. Qxe4 Bf6 21. Ba3
Nb4 22. Ref2 Re8 23. Ne5 Bd7 24. Rxf6 gxf6 25. Qg4+ Kf8 26. Rxf6+ Qxf6 27.
Nxd7+ Ke7 28. Nxf6 1-0

[Event "France 2019 - Accession"]
[Site "Chartres"]
[Date "2019.08.18"]
[Round "2.19"]
[White "Nguyen, Vincent"]
[Black "Bujisho, Benjamin"]
[Result "0-1"]
[WhiteElo "2288"]
[BlackElo "2317"]
[PlyCount "77"]
[EventDate "2019.08.??"]
[EventType "swiss"]
[EventRounds "9"]
[EventCountry "FRA"]
[WhiteTeam "La tour de Juvisy"]
[BlackTeam "Chevau-légers de la Choisille"]

1. e4 c5 2. Nc3 Nc6 3. g3 g6 4. Bg2 Bg7 5. d3 d6 6. h4 Nf6 7. Nh3 Rb8 8. Nf4 h5
9. Ncd5 e6 10. Ne3 b5 11. O-O O-O 12. Bd2 a5 13. Kh1 a4 14. Rb1 Bb7 15. Rg1 Ne5
16. Bc3 Bh6 17. Bh3 b4 18. Bxe5 dxe5 19. Nfg2 Kh7 20. Nc4 Qc7 21. Nge3 b3 22.
axb3 axb3 23. c3 Rbd8 24. f3 Bxe3 25. Nxe3 c4 26. Bf1 cxd3 27. Qxb3 Nd7 28. Qd1
f5 29. exf5 exf5 30. Qxd3 Bxf3+ 31. Bg2 e4 32. Qc2 Qxg3 33. Bxf3 Qxf3+ 34. Qg2
Ne5 35. Nf1 f4 36. Ra1 Qxg2+ 37. Rxg2 e3 38. Rg5 Rfe8 39. Re1 0-1

[Event "France 2019 - Accession"]
[Site "Chartres"]
[Date "2019.08.18"]
[Round "2.20"]
[White "Meunier, Clement"]
[Black "Ollier, Milan"]
[Result "1-0"]
[WhiteElo "2291"]
[BlackElo "2252"]
[PlyCount "59"]
[EventDate "2019.08.??"]
[EventType "swiss"]
[EventRounds "9"]
[EventCountry "FRA"]
[WhiteTeam "L'Echiquier du Roy René"]
[BlackTeam "Echiquier Médocain"]

1. d4 Nf6 2. c4 g6 3. f3 d5 4. cxd5 Nxd5 5. e4 Nb6 6. Nc3 Bg7 7. Be3 O-O 8. Qd2
Nc6 9. O-O-O f5 10. e5 Nb4 11. Nh3 Be6 12. Kb1 Qc8 13. Nf4 Rd8 14. Qe1 N4d5 15.
Ncxd5 Nxd5 16. Nxe6 Qxe6 17. Bc4 Qd7 18. h4 b5 19. Bxd5+ Qxd5 20. h5 Kf7 21. g4
Qxf3 22. hxg6+ hxg6 23. gxf5 gxf5 24. e6+ Kf6 25. Bg5+ Kg6 26. Rg1 Rd5 27. Bf4+
Kh7 28. Qh4+ Kg8 29. Rxg7+ Kxg7 30. Rg1+ 1-0

[Event "France 2019 - Accession"]
[Site "Chartres"]
[Date "2019.08.18"]
[Round "2.21"]
[White "Kollar, Romain"]
[Black "Mouhamad, Joachim"]
[Result "0-1"]
[WhiteElo "2214"]
[BlackElo "2288"]
[PlyCount "78"]
[EventDate "2019.08.??"]
[EventType "swiss"]
[EventRounds "9"]
[EventCountry "FRA"]
[WhiteTeam "Club d'Echecs de la Bruffière"]
[BlackTeam "Clichy-Echecs-92"]

1. e4 e5 2. Nf3 Nc6 3. d4 exd4 4. Bc4 Nf6 5. e5 d5 6. Bb5 Ne4 7. Nxd4 Bc5 8.
Be3 O-O 9. Nxc6 bxc6 10. Bxc5 Nxc5 11. Bxc6 Ba6 12. Qd4 Ne6 13. Qg4 Rb8 14. Nc3
Rxb2 15. O-O-O Qb8 16. Bxd5 Rb4 17. Qh3 Nf4 18. Qf3 Nxd5 19. Nxd5 Rb1+ 20. Kd2
Rb5 21. Kc1 Bb7 22. Ne7+ Kh8 23. Qh3 Be4 24. Rhe1 Rb1+ 25. Kd2 Qb4+ 26. Ke3
Rxd1 27. Rxd1 Bxc2 28. Rd7 Ba4 29. Rd4 Qxe7 30. Rxa4 Qxe5+ 31. Re4 Qc5+ 32. Kf3
f5 33. Rh4 Qa3+ 34. Kf4 Qd6+ 35. Kf3 Qd3+ 36. Kf4 Qe4+ 37. Kg3 f4+ 38. Kg4 f3+
39. Kg3 Qe5+ 0-1

[Event "France 2019 - Accession"]
[Site "Chartres"]
[Date "2019.08.18"]
[Round "2.22"]
[White "Hingouet, Matthieu"]
[Black "Sanchez, Louis"]
[Result "0-1"]
[WhiteElo "2195"]
[BlackElo "2331"]
[PlyCount "58"]
[EventDate "2019.08.??"]
[EventType "swiss"]
[EventRounds "9"]
[EventCountry "FRA"]
[WhiteTeam "Cavalier de la Tourelle Saint-Mande"]
[BlackTeam "Corsica Chess Club"]

1. d4 d6 2. c4 e5 3. Nf3 Nd7 4. Nc3 g6 5. e4 Bg7 6. Be2 Ngf6 7. O-O O-O 8. Be3
c6 9. d5 c5 10. Nd2 Ne8 11. a3 f5 12. f3 f4 13. Bf2 h5 14. b4 b6 15. Qb3 g5 16.
a4 a5 17. bxa5 bxa5 18. Nb5 Bh6 19. Qc3 Rf7 20. Nb3 Rg7 21. Be1 g4 22. Nxa5 g3
23. h3 Nf8 24. Ra2 Qh4 25. Bd1 Nh7 26. Nc6 Ng5 27. a5 Bxh3 28. gxh3 Nxh3+ 29.
Kg2 Nf2 0-1